Central Library OPAC University of Rajshahi

আদিম সমাজ বা, মানব জাতির আদিম ও বর্বর অবস্থার মধ্য দিয়ে সভ্যতায় যাত্রার প্রগতির ধারার ওপর গবেষণা / (Record no. 40338)

MARC details
000 -LEADER
fixed length control field 01209nam a2200241 a 4500
001 - CONTROL NUMBER
control field 40338
003 - CONTROL NUMBER IDENTIFIER
rucl marc code BD-RjUL
005 - DATE AND TIME OF LATEST TRANSACTION
control field 20211209053208.0
008 - FIXED-LENGTH DATA ELEMENTS--GENERAL INFORMATION
fixed length control field 160428s1975 bg ||||| |||| 00| 0 ben d
020 ## - INTERNATIONAL STANDARD BOOK NUMBER
Terms of availability : TK 40.00
035 ## - SYSTEM CONTROL NUMBER
System control number (BD-RjUL)40453
040 ## - CATALOGING SOURCE
Original cataloging agency BD-RjUL
Language of cataloging ben
Transcribing agency BD-RjUL
041 ## - LANGUAGE CODE
Language code of text/sound track or separate title ben
082 ## - DEWEY DECIMAL CLASSIFICATION NUMBER
Edition number 23
Classification number 301
Author mark and year MOA 1975
100 ## - MAIN ENTRY--PERSONAL NAME
Personal name মর্গান, লুইস হেনরি
9 (RLIN) 124272
245 10 - TITLE STATEMENT
Title আদিম সমাজ বা, মানব জাতির আদিম ও বর্বর অবস্থার মধ্য দিয়ে সভ্যতায় যাত্রার প্রগতির ধারার ওপর গবেষণা /
Statement of responsibility, etc. লুইস হেন্রি মর্গান ; অনুবাদ ও সম্পাদনা বুলবন ওসমান
260 ## - PUBLICATION, DISTRIBUTION, ETC. (IMPRINT)
Place of publication, distribution, etc. ঢাকা :
Name of publisher, distributor, etc. বাংলা একাডেমী,
Date of publication, distribution, etc. ১৯৭৫
300 ## - PHYSICAL DESCRIPTION
Pagination [৫৪], ৫৫০ পৃ. ;
Size ২১ সেমি.
650 ## - SUBJECT ADDED ENTRY--TOPICAL TERM
Topical term or geographic name as entry element Primitive societies.
9 (RLIN) 124273
Topical term or geographic name as entry element আদিম সমাজ
9 (RLIN) 124274
700 ## - ADDED ENTRY--PERSONAL NAME
Personal name ওসমান, বুলবন, অনুবাদ ও সম্পাদনা
942 ## - ADDED ENTRY ELEMENTS (KOHA)
Source of classification or shelving scheme Dewey Decimal Classification
Koha item type Books
Holdings
Lost status Source of classification or shelving scheme Damaged status Not for loan Collection code Permanent Location Current Location Shelving location Date acquired Source of acquisition Cost, normal purchase price Total Checkouts Full call number Date last seen Date checked out Copy number Koha item type
  Dewey Decimal Classification     Non-fiction Central Library, University of Rajshahi Central Library, University of Rajshahi   12/06/1960 Sawkat Osman : Dhaka 40.00 1 B 301 MOA 1975 06/11/2016 29/10/2016 C-2 Books
  Dewey Decimal Classification     Non-fiction Central Library, University of Rajshahi Central Library, University of Rajshahi   27/06/1990 Bangla Academy, Dhaka 150.00   B 301 MOA 1975 20/08/2016   C-3 Books
  Dewey Decimal Classification     Non-fiction Central Library, University of Rajshahi Central Library, University of Rajshahi   06/10/1977 Book House, Rajshahi 40.00   B 301 MOA 1975 03/10/2016   C-4 Books